Statistics for Animals beginning with the letter F (pictures)

Click here to take the quiz!

General Stats

  • This quiz has been taken 273 times
  • The average score is 9 of 12

Answer Stats

Answer% Correct
Fox
98%
Frog
98%
Flamingo
96%
Ferret
85%
Fly
84%
Falcon
78%
Flea
69%
Fish
64%
Finch
57%
Flounder
46%
Fennec Fox
44%
Fossa
33%

Score Distribution

Percentile by Number Answered

Percent of People with Each Score

Your Score History

You have not taken this quiz